Production of banana (musa acusminata) flour in barangay Plaza Aldea Tanay, Rizal / (Record no. 8926)

MARC details
000 -LEADER
fixed length control field 00894nam a22002297i 4500
003 - CONTROL NUMBER IDENTIFIER
control field URS
005 - DATE AND TIME OF LATEST TRANSACTION
control field 20220114153549.0
008 - FIXED-LENGTH DATA ELEMENTS--GENERAL INFORMATION
fixed length control field 190207b ||||| |||| 00| 0 eng d
040 ## - CATALOGING SOURCE
Language of cataloging eng
Description conventions rda
Transcribing agency URS Pililla Library
082 00 - DEWEY DECIMAL CLASSIFICATION NUMBER
Item number FS BSBA FM134 2017
100 1# - MAIN ENTRY--PERSONAL NAME
Personal name Amican, Sienna Rose D.
Relator term researcher
245 10 - TITLE STATEMENT
Title Production of banana (musa acusminata) flour in barangay Plaza Aldea Tanay, Rizal /
Statement of responsibility, etc. Sienna Rose D. Amican
300 ## - PHYSICAL DESCRIPTION
Extent xvi, 89 leaves;
Dimensions 28 cm.
336 ## - CONTENT TYPE
Content type term text
Content type code txt
Source rdacontent
337 ## - MEDIA TYPE
Media type term unmediated
Media type code n
Source rdamedia
338 ## - CARRIER TYPE
Carrier type term volume
Carrier type code nc
Source rdacarrier
502 ## - DISSERTATION NOTE
Dissertation note Undergraduate Feasibility Study
Degree type Bachelor of Science in Business Administration Major in Financial Management
Name of granting institution University of Rizal System Pililla
700 1# - ADDED ENTRY--PERSONAL NAME
Personal name Camagian, Jezza Haidell M.
Relator term researcher
700 1# - ADDED ENTRY--PERSONAL NAME
Personal name Lamadrid, Ma. Belen S.
Relator term researcher
700 1# - ADDED ENTRY--PERSONAL NAME
Personal name Vivas, Nery T.
Relator term adviser
942 ## - ADDED ENTRY ELEMENTS (KOHA)
Source of classification or shelving scheme Dewey Decimal Classification
Koha item type Theses and dissertations
Holdings
Withdrawn status Source of classification or shelving scheme Damaged status Not for loan Home library Current library Shelving location Date acquired Total Checkouts Full call number Barcode Date last seen Price effective from Koha item type
  Dewey Decimal Classification   Not For Loan Pililla College Library Pililla College Library General Stacks 02/07/2019   FS BSBA FM134 2017 FS BSBA FM134 2017 02/07/2019 02/07/2019 Theses and dissertations

University of Rizal System
Email us at univlibservices@urs.edu.ph

Visit our Website www.urs.edu.ph/library